[Event "Korcsoportos bajnokság, 16 évesek"]
[Site "Budapest"]
[Date "2020.10.25"]
[Round "2.4"]
[White "Lakatos, Tamas"]
[Black "Gaal, Zsoka"]
[Result "1-0"]
[WhiteElo "2099"]
[BlackElo "2200"]
[PlyCount "141"]
[EventDate "2020.10.24"]
[EventType "tourn"]
[EventRounds "9"]
[EventCountry "HUN"]

1. e4 Nf6 2. e5 Nd5 3. c4 Nb6 4. d4 d6 5. exd6 cxd6 6. Nc3 g6 7. Be3 Bg7 8. Rc1
O-O 9. Be2 Bf5 10. Nf3 Bg4 11. b3 d5 12. c5 Nc8 13. Qd2 Nc6 14. b4 a6 15. Rb1
e6 16. O-O N8e7 17. a4 Bxf3 18. Bxf3 Nf5 19. Ne2 h5 20. Rfd1 Qe7 21. b5 axb5
22. axb5 Na5 23. Ng3 Nxe3 24. Qxe3 Nc4 25. Qe1 Qh4 26. Ne2 Ra3 27. g3 Qg5 28.
Bg2 Rfa8 29. Nf4 Qf6 30. Nxd5 exd5 31. Bxd5 Na5 32. Qb4 Nc6 33. bxc6 bxc6 34.
Bb3 Bf8 35. d5 cxd5 36. Bxd5 R8a5 37. Qb6 Qf5 38. Qd8 Ra2 39. Bxa2 Rxa2 40. Rf1
Qxc5 41. Rb8 Kg7 42. Rc8 Qe7 43. Qd4+ Kh7 44. Qc4 Ra7 45. Rc1 Bg7 46. Rc7 Rxc7
47. Qxc7 Qxc7 48. Rxc7 Kg8 49. Rb7 Bf6 50. Kg2 Bd4 51. f3 Kg7 52. Kf1 Bc5 53.
Ke2 Bg1 54. h3 Bc5 55. Kd3 Bf2 56. g4 hxg4 57. hxg4 g5 58. Ke4 Kg6 59. Rc7 Bg3
60. Rc6+ Kg7 61. Kf5 Bf4 62. Ra6 Be3 63. Ra1 Bf4 64. Rh1 Be3 65. Rh5 Bf4 66.
Rxg5+ Bxg5 67. Kxg5 Kg8 68. Kf6 Kf8 69. f4 Kg8 70. Ke7 Kg7 71. f5 1-0

[Event "Korcsoportos bajnokság, 16 évesek"]
[Site "Budapest"]
[Date "2020.10.25"]
[Round "2.5"]
[White "Virag, Balint"]
[Black "Baski, Barnabas"]
[Result "0-1"]
[WhiteElo "2117"]
[BlackElo "2166"]
[PlyCount "108"]
[EventDate "2020.10.24"]
[EventType "tourn"]
[EventRounds "9"]
[EventCountry "HUN"]

1. e4 e5 2. Nf3 Nc6 3. Bc4 Bc5 4. d3 Nf6 5. O-O O-O 6. Bg5 Be7 7. a4 d6 8. h3
Nd7 9. Be3 Nb6 10. Bxb6 axb6 11. Nc3 Be6 12. Nd5 Qd7 13. Nd2 Bg5 14. Nb1 Bxd5
15. Bxd5 Ne7 16. Bb3 Ng6 17. Nc3 Kh8 18. Qg4 Qd8 19. Nd5 h6 20. g3 c6 21. Ne3
Ne7 22. h4 Bf6 23. Qh5 d5 24. Ng4 Ng8 25. Nxf6 Nxf6 26. Qxe5 dxe4 27. dxe4 Re8
28. Qf5 Ra5 29. Qf3 Nxe4 30. Rad1 Qc8 31. Bxf7 Rf5 32. Qxf5 Qxf5 33. Bxe8 Nf6
34. Bf7 Kh7 35. Rd6 h5 36. Re1 Qc5 37. Ree6 Qxc2 38. Re5 Qxb2 39. Rg5 Qb1+ 40.
Kh2 Ng4+ 41. Rxg4 hxg4 42. h5 Qb4 43. Re6 Qd4 44. Kg1 c5 45. Bg6+ Kh6 46. Bf7+
Kg5 47. Rg6+ Kf5 48. Be6+ Ke5 49. Bxg4 c4 50. Rxg7 c3 51. Rc7 Qd2 52. f4+ Kf6
53. h6 c2 54. h7 c1=Q+ 0-1

[Event "Korcsoportos bajnokság, 16 évesek"]
[Site "Budapest"]
[Date "2020.10.25"]
[Round "3.1"]
[White "Baski, Barnabas"]
[Black "Koszta, Benedek"]
[Result "1-0"]
[WhiteElo "2166"]
[BlackElo "2137"]
[PlyCount "51"]
[EventDate "2020.10.24"]
[EventType "tourn"]
[EventRounds "9"]
[EventCountry "HUN"]

1. d4 Nf6 2. Nf3 g6 3. g3 Bg7 4. Bg2 O-O 5. O-O d6 6. b3 a6 7. Bb2 Nc6 8. c4
Bd7 9. d5 Nb8 10. Nbd2 c5 11. Re1 Bg4 12. Qc2 Nbd7 13. e4 Bxf3 14. Nxf3 Nh5 15.
e5 f5 16. Ng5 Bxe5 17. Ne6 Qe8 18. Nxf8 Qxf8 19. f4 Bxb2 20. Qxb2 Re8 21. Re3
Ng7 22. Rae1 Qf7 23. h3 a5 24. Qa3 b6 25. Qa4 Nf6 26. Qc6 1-0

[Event "Korcsoportos bajnokság, 16 évesek"]
[Site "Budapest"]
[Date "2020.10.25"]
[Round "3.2"]
[White "Gaal, Zsoka"]
[Black "Virag, Balint"]
[Result "0-1"]
[WhiteElo "2200"]
[BlackElo "2117"]
[PlyCount "60"]
[EventDate "2020.10.24"]
[EventType "tourn"]
[EventRounds "9"]
[EventCountry "HUN"]

1. Nf3 Nf6 2. g3 g6 3. b3 Bg7 4. Bb2 d5 5. c4 c6 6. Bg2 O-O 7. O-O Bf5 8. d3
Nbd7 9. Nbd2 Re8 10. Nd4 e5 11. Nxf5 gxf5 12. Nf3 e4 13. Nd4 Ng4 14. Qc1 Qf6
15. Rb1 Qg6 16. cxd5 cxd5 17. Qc7 Nde5 18. Qxb7 Nxh2 19. Kxh2 Ng4+ 20. Kg1 Qh6
21. Rfc1 e3 22. Nf3 exf2+ 23. Kf1 Bxb2 24. Rc6 Nh2+ 25. Nxh2 Qxh2 26. Kxf2
Rxe2+ 27. Kxe2 Qxg2+ 28. Kd1 Qf3+ 29. Kd2 Qf2+ 30. Kd1 Re8 0-1

[Event "Korcsoportos bajnokság, 16 évesek"]
[Site "Budapest"]
[Date "2020.10.25"]
[Round "3.3"]
[White "Karacsonyi, Gellert"]
[Black "Lakatos, Tamas"]
[Result "0-1"]
[WhiteElo "2299"]
[BlackElo "2099"]
[PlyCount "80"]
[EventDate "2020.10.24"]
[EventType "tourn"]
[EventRounds "9"]
[EventCountry "HUN"]

1. e4 c6 2. d4 d5 3. Nc3 dxe4 4. Nxe4 Bf5 5. Ng3 Bg6 6. h4 h6 7. Nf3 Nd7 8. h5
Bh7 9. Bd3 Bxd3 10. Qxd3 e6 11. Bd2 Ngf6 12. O-O-O Be7 13. Kb1 Qb6 14. Nh4 c5
15. Nhf5 exf5 16. Nxf5 Kf8 17. Rde1 Bd6 18. g4 cxd4 19. g5 hxg5 20. Bxg5 Bb4
21. h6 g6 22. h7 Bxe1 23. Bh6+ Ke8 24. Qe2+ Kd8 25. Qe7+ Kc8 26. Nd6+ Kc7 27.
Bf4 Kc6 28. Qxe1 Qc5 29. Nxf7 Qd5 30. Nxh8 Rxh8 31. Rg1 Rxh7 32. b3 b6 33. Kb2
Kb7 34. Qd2 Ne4 35. Qd3 Ndc5 36. Qb5 Nxf2 37. Qe8 Nfd3+ 38. cxd3 Nxd3+ 39. Ka1
Nxf4 40. Rc1 Rc7 0-1

[Event "Korcsoportos bajnokság, 16 évesek"]
[Site "Budapest"]
[Date "2020.10.25"]
[Round "3.4"]
[White "Bako, Martin"]
[Black "Persanyi, Barnabas"]
[Result "0-1"]
[WhiteElo "2038"]
[BlackElo "2368"]
[PlyCount "74"]
[EventDate "2020.10.24"]
[EventType "tourn"]
[EventRounds "9"]
[EventCountry "HUN"]

1. d4 Nf6 2. c4 e6 3. Nc3 Bb4 4. Nf3 b6 5. Bd2 Bb7 6. e3 O-O 7. Qc2 Bxc3 8.
Bxc3 Ne4 9. O-O-O d6 10. h4 f5 11. d5 e5 12. g3 Bc8 13. Bh3 a5 14. Rhg1 Na6 15.
a3 Nac5 16. Nh2 Bd7 17. b3 b5 18. cxb5 Bxb5 19. f3 Nxc3 20. Qxc3 Rb8 21. Kd2
Ba6 22. Rb1 Qe8 23. Bf1 Bxf1 24. Nxf1 Qf7 25. Qc4 c6 26. b4 cxd5 27. Qc2 axb4
28. axb4 Nd7 29. Qc7 Qe6 30. Ke2 Rfc8 31. Qa7 Ra8 32. Qb7 d4 33. Nd2 dxe3 34.
Kxe3 Ra3+ 35. Ke2 Rc2 36. Rgc1 Qc4+ 37. Kd1 Rxd2+ 0-1

[Event "Korcsoportos bajnokság, 16 évesek"]
[Site "Budapest"]
[Date "2020.10.25"]
[Round "3.5"]
[White "Juhasz, Agoston"]
[Black "Borhy, Marcell"]
[Result "0-1"]
[WhiteElo "2369"]
[BlackElo "2371"]
[PlyCount "56"]
[EventDate "2020.10.24"]
[EventType "tourn"]
[EventRounds "9"]
[EventCountry "HUN"]

1. e4 c5 2. Nf3 Nf6 3. e5 Nd5 4. Nc3 e6 5. Ne4 f5 6. Nc3 Nc6 7. Bb5 Nxc3 8.
dxc3 Qc7 9. Bf4 Qb6 10. Qe2 a6 11. Bd3 Qxb2 12. O-O Qxc3 13. Bd2 Qa3 14. g4 c4
15. Bxc4 fxg4 16. Ng5 h6 17. Ne4 Nxe5 18. Bb3 Nf3+ 19. Kh1 Be7 20. Bc3 O-O 21.
Rg1 h5 22. Rg3 d5 23. Nd2 Qc5 24. Bxg7 Kxg7 25. Nxf3 Qc3 26. Rag1 Bd6 27. Rh3
Rf5 28. Ng5 Qe5 0-1

[Event "Korcsoportos bajnokság, 16 évesek"]
[Site "Budapest"]
[Date "2020.10.26"]
[Round "4.1"]
[White "Koszta, Benedek"]
[Black "Borhy, Marcell"]
[Result "1/2-1/2"]
[WhiteElo "2137"]
[BlackElo "2371"]
[PlyCount "69"]
[EventDate "2020.10.24"]
[EventType "tourn"]
[EventRounds "9"]
[EventCountry "HUN"]

1. e4 d5 2. exd5 Nf6 3. d4 Nxd5 4. c4 Nb6 5. Nc3 e5 6. d5 Bb4 7. Nf3 O-O 8. Be2
e4 9. Nd4 c6 10. O-O cxd5 11. cxd5 Bxc3 12. bxc3 Qxd5 13. Nb5 Nc6 14. Nc7 Qxd1
15. Rxd1 Be6 16. Nxa8 Rxa8 17. Be3 Nd5 18. Bd4 Rc8 19. c4 Ndb4 20. Bc5 b6 21.
Bxb4 Nxb4 22. a3 Na6 23. Rd4 f5 24. Rad1 Kf7 25. f3 Nc5 26. fxe4 fxe4 27. Kf2
Ke7 28. Ke3 Rc6 29. g3 Rc8 30. Bf1 Bg4 31. Be2 Be6 32. g4 Bd7 33. h3 Bc6 34.
Bf1 Nb3 35. Rd6 1/2-1/2

[Event "Korcsoportos bajnokság, 16 évesek"]
[Site "Budapest"]
[Date "2020.10.26"]
[Round "4.2"]
[White "Persanyi, Barnabas"]
[Black "Juhasz, Agoston"]
[Result "1-0"]
[WhiteElo "2368"]
[BlackElo "2369"]
[PlyCount "127"]
[EventDate "2020.10.24"]
[EventType "tourn"]
[EventRounds "9"]
[EventCountry "HUN"]

1. c4 c5 2. g3 g6 3. Bg2 Bg7 4. Nc3 Nc6 5. d3 e6 6. e4 Nge7 7. Nge2 d6 8. O-O
O-O 9. Rb1 b6 10. Be3 Nd4 11. b4 Bb7 12. Qd2 Qd7 13. Bh6 Nec6 14. Bxg7 Kxg7 15.
Nxd4 Nxd4 16. Ne2 Nxe2+ 17. Qxe2 f6 18. Qb2 e5 19. f4 Rae8 20. f5 g5 21. Bf3
Kh8 22. h3 Rg8 23. Bd1 Bc6 24. b5 Bb7 25. a4 Ra8 26. a5 Qc7 27. Rf2 Rgb8 28.
Qc3 Qd8 29. Ra2 Qc7 30. Rba1 Qd8 31. Ra3 Qc7 32. R1a2 Qd8 33. Qa1 Kg8 34. Bh5
Kg7 35. Kf2 Kg8 36. Ke3 Kg7 37. h4 gxh4 38. gxh4 Kh8 39. Kf3 Qc8 40. Bg4 Qf8
41. Qc1 Qe7 42. axb6 axb6 43. Rxa8 Rxa8 44. Rxa8+ Bxa8 45. Qa1 Qb7 46. Bh5 Qb8
47. Bf7 Bb7 48. Be6 Qa8 49. Qc1 Qf8 50. h5 h6 51. Qg1 Qg7 52. Qg6 Qf8 53. Bd7
Qg7 54. Bc6 Qxg6 55. hxg6 Bc8 56. Kg4 Kg8 57. Kh5 Kg7 58. Be8 Bb7 59. Bd7 d5
60. exd5 Bxd5 61. Bc6 Bg8 62. Be4 Kh8 63. Kxh6 Bf7 64. Bc6 1-0

[Event "Korcsoportos bajnokság, 16 évesek"]
[Site "Budapest"]
[Date "2020.10.26"]
[Round "4.3"]
[White "Lakatos, Tamas"]
[Black "Bako, Martin"]
[Result "1-0"]
[WhiteElo "2099"]
[BlackElo "2038"]
[PlyCount "79"]
[EventDate "2020.10.24"]
[EventType "tourn"]
[EventRounds "9"]
[EventCountry "HUN"]

1. e4 d5 2. exd5 Qxd5 3. Nc3 Qa5 4. d4 c6 5. Bc4 Nf6 6. Bd2 Bf5 7. Nd5 Qd8 8.
Nxf6+ gxf6 9. Nf3 e6 10. O-O Qc7 11. Re1 Be7 12. Qe2 Rg8 13. Kh1 Nd7 14. Nh4
Bg6 15. f4 f5 16. Nf3 O-O-O 17. Ne5 Nxe5 18. dxe5 Bc5 19. b4 Bb6 20. Bd3 Rd4
21. a4 a5 22. bxa5 Bxa5 23. Reb1 Rgd8 24. Be3 Rb4 25. Bc5 Rxb1+ 26. Rxb1 Kd7
27. Bd6 Qc8 28. Qf2 Bc7 29. Qa7 Bxd6 30. exd6 Kxd6 31. Rxb7 Rd7 32. Qd4+ Ke7
33. Qb4+ Kf6 34. Rxd7 Qxd7 35. a5 Qd5 36. a6 Qa2 37. h3 Qa1+ 38. Kh2 Qc1 39. a7
Qa1 40. Qb8 1-0

[Event "Korcsoportos bajnokság, 16 évesek"]
[Site "Budapest"]
[Date "2020.10.26"]
[Round "4.4"]
[White "Virag, Balint"]
[Black "Karacsonyi, Gellert"]
[Result "1-0"]
[WhiteElo "2117"]
[BlackElo "2299"]
[PlyCount "63"]
[EventDate "2020.10.24"]
[EventType "tourn"]
[EventRounds "9"]
[EventCountry "HUN"]

1. e4 e6 2. d4 d5 3. Nd2 Be7 4. Ngf3 Nf6 5. e5 Nfd7 6. Bd3 c5 7. c3 Nc6 8. O-O
a5 9. a4 cxd4 10. cxd4 Nb4 11. Bb5 O-O 12. Nb1 Nb6 13. Nc3 Bd7 14. Ne1 Bxb5 15.
Nxb5 Qd7 16. Nd3 Nxa4 17. Na3 Rfc8 18. f4 g6 19. g4 f5 20. exf6 Bxf6 21. Ne5
Bxe5 22. fxe5 Nb6 23. Bh6 Nc4 24. Qf3 Nxa3 25. Rxa3 Nc6 26. Qf2 Kh8 27. Rf3 Rg8
28. Rf7 Qd8 29. Qf4 g5 30. Rxh7+ Kxh7 31. Qf7+ Kh8 32. Rf3 1-0

[Event "Korcsoportos bajnokság, 16 évesek"]
[Site "Budapest"]
[Date "2020.10.26"]
[Round "4.5"]
[White "Baski, Barnabas"]
[Black "Gaal, Zsoka"]
[Result "1/2-1/2"]
[WhiteElo "2166"]
[BlackElo "2200"]
[PlyCount "132"]
[EventDate "2020.10.24"]
[EventType "tourn"]
[EventRounds "9"]
[EventCountry "HUN"]

1. d4 Nf6 2. Nf3 e6 3. g3 b5 4. Bg2 Bb7 5. O-O c5 6. Bg5 cxd4 7. Nxd4 Bxg2 8.
Kxg2 Be7 9. Nxb5 Qb6 10. N1c3 a6 11. Nd4 Qxb2 12. Qd3 Qb7+ 13. Kg1 O-O 14. Rab1
Qc7 15. Ne4 Nc6 16. Nxf6+ Bxf6 17. Bxf6 gxf6 18. Nxc6 Qxc6 19. Rb4 Rac8 20.
Rg4+ Kh8 21. c4 Rg8 22. Rd4 d6 23. Rd1 Rg5 24. Rh4 Rf5 25. Rd4 Qc5 26. e3 Qa5
27. Qb3 Qc7 28. Rxd6 Qxc4 29. Qb7 Qc7 30. Qxa6 Kg7 31. Rd7 Qc2 32. R1d2 Qb1+
33. Rd1 Qb2 34. R7d2 Qc3 35. Qe2 Rc7 36. h4 h5 37. Rd8 Ra7 38. g4 Rc5 39. gxh5
Qc4 40. h6+ Kh7 41. Qxc4 Rxc4 42. R8d7 Rxd7 43. Rxd7 Kxh6 44. Rd4 Rc2 45. a4
Ra2 46. Kg2 e5 47. Rb4 f5 48. Kg3 Kg6 49. Rb5 f4+ 50. exf4 exf4+ 51. Kxf4 Rxa4+
52. Kg3 Rc4 53. Rg5+ Kh6 54. Rg4 Rc3+ 55. f3 Rc1 56. Kf4 Kh5 57. Rg7 Rc7 58.
Kf5 Kxh4 59. f4 Ra7 60. Kf6 Ra6+ 61. Ke7 Ra7+ 62. Kf8 Ra4 63. f5 Rf4 64. Rxf7
Kg5 65. f6 Rxf6 66. Rxf6 Kxf6 1/2-1/2

[Event "Korcsoportos bajnokság, 16 évesek"]
[Site "Budapest"]
[Date "2020.10.27"]
[Round "5.1"]
[White "Gaal, Zsoka"]
[Black "Koszta, Benedek"]
[Result "1/2-1/2"]
[WhiteElo "2200"]
[BlackElo "2137"]
[PlyCount "26"]
[EventDate "2020.10.24"]
[EventType "tourn"]
[EventRounds "9"]
[EventCountry "HUN"]

1. Nf3 Nf6 2. g3 g6 3. b3 Bg7 4. Bb2 O-O 5. Bg2 d5 6. c4 Nc6 7. cxd5 Nxd5 8.
Bxg7 Kxg7 9. Nc3 Nxc3 10. dxc3 e5 11. O-O Be6 12. Qc2 Qe7 13. Rad1 a5 1/2-1/2

[Event "Korcsoportos bajnokság, 16 évesek"]
[Site "Budapest"]
[Date "2020.10.27"]
[Round "5.2"]
[White "Karacsonyi, Gellert"]
[Black "Baski, Barnabas"]
[Result "1-0"]
[WhiteElo "2299"]
[BlackElo "2166"]
[PlyCount "75"]
[EventDate "2020.10.24"]
[EventType "tourn"]
[EventRounds "9"]
[EventCountry "HUN"]

1. e4 e5 2. Nf3 Nc6 3. d4 exd4 4. Bc4 Bc5 5. c3 Nf6 6. e5 d5 7. Bb5 Ne4 8. cxd4
Bb6 9. Nc3 Bg4 10. Be3 O-O 11. h3 Bh5 12. Qc2 Bg6 13. Qb3 Ne7 14. O-O c6 15.
Bd3 Nd2 16. Nxd2 Bxd3 17. Rfe1 Bg6 18. Na4 Nf5 19. Qc3 Rc8 20. b4 f6 21. Nf3
Nxe3 22. Qxe3 Be4 23. exf6 Rxf6 24. Ne5 Qd6 25. Nc5 Rcf8 26. f3 Bf5 27. a3 Bd8
28. Nxb7 Qc7 29. Nxd8 Qxd8 30. Rac1 Qb6 31. Rc5 Qc7 32. Rec1 Bxh3 33. Rxc6 Qe7
34. Rc7 Qe6 35. Qg5 g6 36. Qh6 R6f7 37. Nxf7 Qe2 38. Qxh3 1-0

[Event "Korcsoportos bajnokság, 16 évesek"]
[Site "Budapest"]
[Date "2020.10.27"]
[Round "5.3"]
[White "Bako, Martin"]
[Black "Virag, Balint"]
[Result "0-1"]
[WhiteElo "2038"]
[BlackElo "2117"]
[PlyCount "66"]
[EventDate "2020.10.24"]
[EventType "tourn"]
[EventRounds "9"]
[EventCountry "HUN"]

1. d4 Nf6 2. c4 g6 3. Nf3 Bg7 4. Nc3 d5 5. cxd5 Nxd5 6. e4 Nxc3 7. bxc3 c5 8.
Be3 Nc6 9. Bc4 Qa5 10. Qd2 Bg4 11. Bd5 Bxf3 12. gxf3 cxd4 13. Bxc6+ bxc6 14.
cxd4 Qxd2+ 15. Kxd2 c5 16. e5 Rd8 17. Kc3 cxd4+ 18. Bxd4 Rd5 19. f4 O-O 20.
Rad1 Rc8+ 21. Kb2 Rcd8 22. Kc3 Bh6 23. f5 Bf4 24. Rd3 Bxe5 25. Rhd1 Rxd4 26.
Rxd4 gxf5 27. Kc4 Rxd4+ 28. Rxd4 Bxd4 29. Kxd4 f6 30. f4 Kf7 31. a4 Ke6 32. Kc5
Kd7 33. Kd5 e6+ 0-1

[Event "Korcsoportos bajnokság, 16 évesek"]
[Site "Budapest"]
[Date "2020.10.27"]
[Round "5.4"]
[White "Juhasz, Agoston"]
[Black "Lakatos, Tamas"]
[Result "1-0"]
[WhiteElo "2369"]
[BlackElo "2099"]
[PlyCount "47"]
[EventDate "2020.10.24"]
[EventType "tourn"]
[EventRounds "9"]
[EventCountry "HUN"]

1. e4 c5 2. Nf3 e6 3. d4 cxd4 4. Nxd4 Nc6 5. Nc3 Qc7 6. Be3 a6 7. Be2 Nf6 8.
O-O Bb4 9. Na4 Be7 10. c4 d6 11. Nc3 O-O 12. Rc1 b6 13. Nd5 exd5 14. cxd5 Nxe4
15. Rxc6 Qd8 16. Rc4 Bb7 17. Nf5 Nf6 18. Bf3 b5 19. Rf4 Re8 20. Bd4 Nxd5 21.
Bxd5 Bxd5 22. Qg4 g6 23. Nh6+ Kf8 24. Qf3 1-0

[Event "Korcsoportos bajnokság, 16 évesek"]
[Site "Budapest"]
[Date "2020.10.27"]
[Round "5.5"]
[White "Borhy, Marcell"]
[Black "Persanyi, Barnabas"]
[Result "1-0"]
[WhiteElo "2371"]
[BlackElo "2368"]
[PlyCount "115"]
[EventDate "2020.10.24"]
[EventType "tourn"]
[EventRounds "9"]
[EventCountry "HUN"]

1. Nf3 Nf6 2. c4 b6 3. g3 Bb7 4. Bg2 g6 5. O-O Bg7 6. d4 O-O 7. Qc2 c5 8. d5 b5
9. e4 d6 10. Re1 bxc4 11. Nbd2 c3 12. bxc3 Nbd7 13. Rb1 Qc7 14. c4 Rab8 15. Nb3
Ba6 16. Bd2 Ng4 17. Bf1 Nge5 18. Nh4 Nb6 19. Na5 e6 20. f4 Ned7 21. Nf3 exd5
22. exd5 Rbe8 23. Bd3 Bc8 24. Kg2 Nf6 25. f5 Bd7 26. h3 Ba4 27. Qc1 Rxe1 28.
Bxe1 Re8 29. Qf4 Nh5 30. Qc1 Qe7 31. Bf2 Qf6 32. g4 Qc3 33. Qxc3 Nf4+ 34. Kg3
Bxc3 35. Kxf4 Bxa5 36. Be1 Bxe1 37. Nxe1 Kg7 38. Nf3 f6 39. h4 gxf5 40. gxf5
Bd7 41. Nd2 Re5 42. a4 Bxa4 43. Ne4 Bd7 44. Rg1+ Kf8 45. Nxf6 h6 46. Rg6 Re1
47. Rxh6 Rd1 48. Nxd7+ Nxd7 49. Rxd6 Nb6 50. Rf6+ Ke7 51. Re6+ Kf7 52. Be2 Rh1
53. Bh5+ Kf8 54. f6 Rxh4+ 55. Kg5 Rxh5+ 56. Kxh5 Nxc4 57. Kg6 a5 58. f7 1-0

[Event "Korcsoportos bajnokság, 16 évesek"]
[Site "Budapest"]
[Date "2020.10.27"]
[Round "6.1"]
[White "Koszta, Benedek"]
[Black "Persanyi, Barnabas"]
[Result "1/2-1/2"]
[WhiteElo "2137"]
[BlackElo "2368"]
[PlyCount "124"]
[EventDate "2020.10.24"]
[EventType "tourn"]
[EventRounds "9"]
[EventCountry "HUN"]

1. e4 e5 2. Nf3 Nc6 3. c3 Nf6 4. d4 exd4 5. e5 Nd5 6. cxd4 Bb4+ 7. Bd2 Bxd2+ 8.
Qxd2 d6 9. Nc3 Nxc3 10. Qxc3 O-O 11. O-O-O dxe5 12. dxe5 Qe7 13. Bc4 Bg4 14.
Rhe1 Rad8 15. Rd5 Rxd5 16. Bxd5 Nb4 17. Bc4 b5 18. a3 bxc4 19. Qxb4 Qxb4 20.
axb4 Bxf3 21. gxf3 Rb8 22. Kc2 Rxb4 23. Ra1 Rb7 24. Ra4 Kf8 25. Rxc4 Ke7 26.
Kd3 a5 27. Ke4 Kd7 28. Rc2 Rb4+ 29. Ke3 Rh4 30. Rc5 a4 31. Ra5 Rb4 32. f4 Rb3+
33. Ke4 Rxb2 34. Rxa4 Rxf2 35. Rd4+ Ke6 36. Rc4 Re2+ 37. Kf3 Rxh2 38. Rxc7 h5
39. Ra7 Rh4 40. Kg3 Rg4+ 41. Kf3 g5 42. Ra6+ Ke7 43. fxg5 Rxg5 44. Kf4 Rg6 45.
Ra7+ Kf8 46. Kf5 Kg7 47. Ra4 Rg1 48. Rb4 Ra1 49. Kg5 Ra5 50. Kxh5 Rxe5+ 51. Kg4
Kg6 52. Rb6+ f6 53. Kf4 Ra5 54. Rb4 Ra1 55. Kf3 Kg5 56. Kf2 Ra3 57. Rc4 f5 58.
Rb4 Ra2+ 59. Kf3 Ra1 60. Kf2 f4 61. Rb8 Ra2+ 62. Kf3 Ra3+ 1/2-1/2

[Event "Korcsoportos bajnokság, 16 évesek"]
[Site "Budapest"]
[Date "2020.10.27"]
[Round "6.2"]
[White "Lakatos, Tamas"]
[Black "Borhy, Marcell"]
[Result "0-1"]
[WhiteElo "2099"]
[BlackElo "2371"]
[PlyCount "90"]
[EventDate "2020.10.24"]
[EventType "tourn"]
[EventRounds "9"]
[EventCountry "HUN"]

1. e4 c5 2. c3 d5 3. exd5 Qxd5 4. d4 Nc6 5. Nf3 Bg4 6. Be2 O-O-O 7. dxc5 Qxd1+
8. Bxd1 e5 9. b4 e4 10. Nfd2 Bxd1 11. Kxd1 f5 12. Kc2 Nf6 13. h3 Ne5 14. Na3
Nd3 15. Nac4 Nd5 16. Rf1 g6 17. Rb1 N5f4 18. Ne3 Bg7 19. Ndc4 Nxc1 20. Rbxc1
Rd3 21. Nd6+ Kb8 22. c4 Ra3 23. g4 Rxa2+ 24. Kb3 Rb2+ 25. Ka3 fxg4 26. hxg4 Nd3
27. Rb1 Rxb1 28. Rxb1 Nxf2 29. Rf1 Rf8 30. Ka4 Bh6 31. Re1 Rf3 32. Nd5 e3 33.
b5 Bf8 34. Rxe3 Rxe3 35. Nxe3 Nd3 36. Ne4 Nxc5+ 37. Nxc5 Bxc5 38. Nd5 Kc8 39.
g5 b6 40. Kb3 Kd7 41. Kc3 Ke6 42. Nb4 Bxb4+ 43. Kxb4 Kf5 44. c5 bxc5+ 45. Kxc5
Kxg5 0-1

[Event "Korcsoportos bajnokság, 16 évesek"]
[Site "Budapest"]
[Date "2020.10.27"]
[Round "6.3"]
[White "Virag, Balint"]
[Black "Juhasz, Agoston"]
[Result "0-1"]
[WhiteElo "2117"]
[BlackElo "2369"]
[PlyCount "52"]
[EventDate "2020.10.24"]
[EventType "tourn"]
[EventRounds "9"]
[EventCountry "HUN"]

1. e4 c6 2. d4 d5 3. e5 Bf5 4. h4 c5 5. dxc5 Nc6 6. Bb5 Qc7 7. Qxd5 e6 8. Qb3
Qxe5+ 9. Be3 Be4 10. Qc3 O-O-O 11. Bxc6 Qxc3+ 12. Nxc3 Bxc6 13. f3 Ne7 14. g4
h5 15. Rh2 Ng6 16. g5 Ne5 17. b4 b6 18. b5 Bxf3 19. c6 Bb4 20. Bd2 Rxd2 21.
Kxd2 Rd8+ 22. Ke3 Bxc3 23. Nxf3 Nxf3 24. Rf2 Bxa1 25. Rxf3 f6 26. gxf6 Bxf6 0-1

[Event "Korcsoportos bajnokság, 16 évesek"]
[Site "Budapest"]
[Date "2020.10.27"]
[Round "6.4"]
[White "Baski, Barnabas"]
[Black "Bako, Martin"]
[Result "1-0"]
[WhiteElo "2166"]
[BlackElo "2038"]
[PlyCount "51"]
[EventDate "2020.10.24"]
[EventType "tourn"]
[EventRounds "9"]
[EventCountry "HUN"]

1. d4 d5 2. Nf3 Nf6 3. g3 g6 4. Bg2 Bg7 5. O-O O-O 6. c4 c6 7. b3 b6 8. Bb2 Bb7
9. Nc3 Nbd7 10. Rc1 Rc8 11. Re1 Re8 12. e4 Nxe4 13. Nxe4 dxe4 14. Rxe4 c5 15.
Re2 cxd4 16. Bxd4 e5 17. Be3 e4 18. Rd2 Re7 19. Nd4 a6 20. Bh3 Rc7 21. Bg5 Ne5
22. Nc6 Nf3+ 23. Kh1 Qf8 24. Nxe7+ Rxe7 25. Bxe7 Qxe7 26. Rd7 1-0

[Event "Korcsoportos bajnokság, 16 évesek"]
[Site "Budapest"]
[Date "2020.10.27"]
[Round "6.5"]
[White "Gaal, Zsoka"]
[Black "Karacsonyi, Gellert"]
[Result "1/2-1/2"]
[WhiteElo "2200"]
[BlackElo "2299"]
[PlyCount "190"]
[EventDate "2020.10.24"]
[EventType "tourn"]
[EventRounds "9"]
[EventCountry "HUN"]

1. Nf3 c5 2. c4 Nc6 3. Nc3 Nf6 4. g3 d5 5. d4 e6 6. cxd5 Nxd5 7. Bg2 Ndb4 8.
dxc5 Qxd1+ 9. Kxd1 Bxc5 10. a3 Nd5 11. Nxd5 exd5 12. e3 O-O 13. b4 Bb6 14. Bb2
Rd8 15. Ke2 d4 16. Nxd4 Nxd4+ 17. Bxd4 Bxd4 18. exd4 Rxd4 19. Rhd1 Bg4+ 20. f3
Re8+ 21. Kf2 Rxd1 22. Rxd1 Bf5 23. f4 b6 24. Bf3 g6 25. g4 Be6 26. Rc1 Re7 27.
h3 Rd7 28. Ke3 Kg7 29. Rc3 h6 30. Rc1 Kf6 31. Rc3 Ke7 32. Rc1 Kd8 33. h4 Ke7
34. Rc8 Kf6 35. Rc6 Kg7 36. Rc1 Re7 37. Kf2 Bb3 38. Rc3 Ba4 39. Rc8 Bb5 40. Rc3
Kf6 41. g5+ Kg7 42. h5 hxg5 43. fxg5 gxh5 44. Bxh5 Re5 45. Rg3 Bc4 46. Kf3 Bd5+
47. Kf4 Re4+ 48. Kf5 Re1 49. Kf4 Rh1 50. Bg4 Ba2 51. Bf5 Rf1+ 52. Ke5 Bb1 53.
Bxb1 Rxb1 54. Kd6 a5 55. bxa5 bxa5 56. Kc5 Kg6 57. Rf3 Rb7 58. Kc6 Re7 59. Kd6
Ra7 60. Kc6 Re7 61. Kd6 Re6+ 62. Kd5 Re1 63. Rf6+ Kg7 64. Kd6 Re3 65. a4 Re4
66. Kd5 Rxa4 67. Ke5 Ra1 68. Ra6 a4 69. Kf4 a3 70. Kf3 Kf8 71. Kg2 Ke7 72. Kh2
Kd7 73. Rf6 Ra2+ 74. Kg3 Ke7 75. Ra6 Ra1 76. Kg2 Kd8 77. Ra7 a2 78. Kh2 Kc8 79.
Kg2 Kb8 80. Ra3 Kc7 81. Ra8 Kd6 82. Ra7 Ke6 83. Kh2 Ke5 84. Kg2 Ke4 85. Kh2 Kd3
86. Kg2 Ke3 87. Kh2 Ke4 88. Kg2 Rb1 89. Rxa2 Rb5 90. Ra4+ Kf5 91. Kf3 Rb3+ 92.
Kf2 Kxg5 93. Rc4 f5 94. Ra4 f4 95. Ra8 Rb2+ 1/2-1/2

[Event "Korcsoportos bajnokság, 16 évesek"]
[Site "Budapest"]
[Date "2020.10.28"]
[Round "7.1"]
[White "Karacsonyi, Gellert"]
[Black "Koszta, Benedek"]
[Result "1-0"]
[WhiteElo "2299"]
[BlackElo "2137"]
[PlyCount "71"]
[EventDate "2020.10.24"]
[EventType "tourn"]
[EventRounds "9"]
[EventCountry "HUN"]

1. e4 c5 2. Nf3 d6 3. d4 cxd4 4. Nxd4 Nf6 5. Nc3 a6 6. Bg5 e6 7. f4 Be7 8. Qf3
Qc7 9. O-O-O Nbd7 10. g4 b5 11. Bxf6 Nxf6 12. g5 Nd7 13. f5 O-O 14. Rg1 b4 15.
Nce2 e5 16. f6 exd4 17. fxe7 Re8 18. e5 d3 19. Qxd3 Nxe5 20. Qxd6 Qxd6 21. Rxd6
Be6 22. Bg2 Ra7 23. Nf4 Raxe7 24. Rxa6 g6 25. Bd5 Bf5 26. Rb6 Ng4 27. Rxb4 Ne3
28. c3 Nxd5 29. Nxd5 Re1+ 30. Rxe1 Rxe1+ 31. Kd2 Rg1 32. h4 h6 33. Ne7+ Kg7 34.
Nxf5+ gxf5 35. gxh6+ Kxh6 36. a4 1-0

[Event "Korcsoportos bajnokság, 16 évesek"]
[Site "Budapest"]
[Date "2020.10.28"]
[Round "7.2"]
[White "Bako, Martin"]
[Black "Gaal, Zsoka"]
[Result "0-1"]
[WhiteElo "2038"]
[BlackElo "2200"]
[PlyCount "104"]
[EventDate "2020.10.24"]
[EventType "tourn"]
[EventRounds "9"]
[EventCountry "HUN"]

1. d4 Nf6 2. c4 e6 3. Nc3 Bb4 4. Nf3 O-O 5. e3 c5 6. Bd2 cxd4 7. exd4 d5 8. a3
Bxc3 9. bxc3 b6 10. Bg5 Nbd7 11. cxd5 exd5 12. Be2 Qc7 13. Qd3 Ba6 14. Qc2 Bxe2
15. Kxe2 Rfe8+ 16. Be3 Ne4 17. Rhc1 Rac8 18. Qb3 Nxc3+ 19. Kd3 Rxe3+ 20. fxe3
Qd6 21. Rxc3 Qg6+ 22. Kd2 Qxg2+ 23. Kc1 Rxc3+ 24. Qxc3 Qxf3 25. Qd2 g6 26. Kb2
b5 27. Kb3 Nb6 28. Re1 Nc4 29. Qe2 Qf6 30. Qd3 Qd6 31. Ka2 f5 32. Re2 b4 33.
axb4 Qa6+ 34. Kb3 Qa3+ 35. Kc2 Qb2+ 36. Kd1 Qa1+ 37. Kc2 Qb2+ 38. Kd1 Qxb4 39.
Qc2 a5 40. Qc1 a4 41. Rc2 a3 42. Ke2 Qb3 43. Rc3 Qb5 44. Kf3 a2 45. Qe1 Nd2+
46. Kg2 Nb1 47. Rc8+ Kf7 48. Rc7+ Ke8 49. Qh4 Qe2+ 50. Kg1 Qxe3+ 51. Kf1 Nd2+
52. Kg2 Qf3+ 0-1